00681nam a22002177a 450000500170000001000130001702000210003003500130005103700160006404000120008008200130009210000150010524501170012026000370023727000490027430000250032350000500034865000300039865000170042870000180044520170124110253.0 aB-119575 c00.00a817293137 aB-119575 bCen Lib/Ret aDPLbEN a658bHAR aHari, T.N. aBack to basics in management : ba critique of the fabled management mantras /cby T.N. Hari [and] Rupa Mahanty  aNew DelhibResponse Books c2003 aB-42, Panchsheel Enclave bNew Delhie110017 ax, 207p. c20cm(pbk) aIncludes bibliographical references and index aManagement -- Philosophy. aManagement.  aRupa Mahanty